Series commençant par la lettre R - Statistiques

Statistiques générales
  • Ce quiz a été pris 266 fois
  • Le résultat moyen est 3 sur 6
Statistiques - réponses
Par images Réponse % Correct
Ratz
90%
Rick et Morty
90%
Riverdale
85%
Revenge
13%
Rizzoli & Isles
12%
R.I.S Police Scientifique
7%
Aucun quiz correspondant
Distribution des résultats
% des personnes avec chaque résultat
Percentile par nombre de réponses
Votre historique - résultats
Vous n’avez pas pris ce quiz